Państwa z literą L na każdej pozycji - Statystyki

Ogólne statystyki
  • Ten quiz został rozwiązany 980 razy
    954 od ostatniego zresetowania
  • Średni wynik to 6 z 8
Statystyki odpowiedzi
Pozycja litery L Państwa % Poprawnych
1 Laos | Liban | Lesotho | Liberia | Libia | Liechtenstein | Litwa | Luksemburg
100%
3 Belgia | Belize | Boliwia | Filipiny | Holandia | Irlandia | Islandia | Kolumbia | Malawi | Malediwy | Malezja | Mali | Malta | Palau | Polska | Salwador
96%
2 Albania | Algieria
82%
6 Brazylia | Izrael | Mongolia | Seszele
76%
4 Chile | Finlandia | Tajlandia
76%
8 Gwatemala | Portugalia | Wenezuela
73%
7 Australia | Senegal
70%
5 Angola | Bangladesz | Nepal | Somalia | Tuvalu
69%
Nie znaleziono quizów pasujących do podanych kryteriów
Rozkład punktacji
Procent ludzi z każdym wynikiem
Percentyl według liczby udzielonych odpowiedzi
Twoja historia wyników
Nie rozwiązałeś tego quizu od ostatniego zresetowania